Movies Quiz

Random Movies or Marvel Quiz
Score 0/7 Timer 05:00
0 Plays Today
Year Title % Correct
2007The Invincible Iron Man
88.2%
2009Hulk Vs
84.7%
2007Doctor Strange: The Sorcerer Supreme
64.5%
2006Ultimate Avengers
61.3%
2006Ultimate Avengers 2
59.6%
2010Planet Hulk
48.1%
2008Next Avengers: Heroes of Tomorrow
40.4%
Remove Ads.
Support Sporcle.
Get the best of Sporcle when you Go Orange. This ad-free experience offers more features, more stats, and more fun while also helping to support Sporcle. Thank you for becoming a member.

You're not logged in!

Compare scores with friends on all Sporcle quizzes.
OR
Log In

Show Comments

Extras

Top Quizzes Today


Score Distribution

Your Account Isn't Verified!

In order to create a playlist on Sporcle, you need to verify the email address you used during registration. Go to your Sporcle Settings to finish the process.

Report this User

Report this user for behavior that violates our Community Guidelines.

Details: